Statistics for Math

Click here to take the quiz!

General Stats

  • This quiz has been taken 21 times
  • The average score is 10 of 15

Answer Stats

HintAnswer% Correct
37-2710!
100%
9-45!
100%
25/55!
100%
25+6489!
100%
5+49!
100%
154+607761!
93%
11²121!
73%
27!
73%
708-367341!
60%
580/4145!
47%
90036/330012!
47%
1872/6312!
47%
4475+37868261!
33%
9⁴6561!
20%
9635-25637072!
20%

Score Distribution

Percentile by Number Answered

Percent of People with Each Score

Your Score History

You have not taken this quiz